Colleges of current starting QB's - Statistics

General Stats
  • This quiz has been taken 53 times
  • The average score is 27 of 32
Answer Stats
Hint Answer % Correct
Tua Tagovailoa Alabama
95%
Bryce Young Alabama
95%
Aaron Rodgers Cal
95%
Jared Goff Cal
95%
Joe Burrow LSU
95%
Jayden Daniels LSU
95%
J.J. McCarthy Michigan
95%
Jalen Hurts Oklahoma
95%
Baker Mayfield Oklahoma
95%
Kyler Murray Oklahoma
95%
Patrick Mahomes Texas Tech
95%
Caleb Williams USC
95%
Sam Darnold USC
95%
Trevor Lawrence Clemson
92%
Lamar Jackson Louisville
90%
Justin Fields Ohio State
90%
C.J. Stroud Ohio State
90%
Bo Nix Oregon
90%
Justin Herbert Oregon
90%
Matthew Stafford Georgia
87%
Michael Penix Jr. Washington
85%
Drake Maye North Carolina
82%
Josh Allen Wyoming
82%
Brock Purdy Iowa State
79%
Dak Prescott Mississippi State
77%
Russel Wilson Wisconsin
72%
Joe Flacco Delaware
59%
Daniel Jones Duke
59%
Spencer Rattler South Carolina
59%
Geno Smith West Virginia
54%
Cam Ward Miami (FL)
51%
Jordan Love Utah State
51%
No matching quizzes found
Score Distribution
Percent of People with Each Score
Percentile by Number Answered
Your Score History
You have not taken this quiz